00708 2200265 4500001002100000005001500021035002000036007000300056008004100059020002200100082001100122084001500133245008700148250001000235260003300245300005000278650002300328700000900351710002200360990001200382990001200394990001200406990001200418990001200430INLIS00000000000533120200921103827 a0010-0220000049ta200921 b 0 ind  a978-979-29-6178-2 a028.55 a028.55 KOM aKomik Sains Bocah Pintar :bKulit - Indra Peraba /cSmartKids Studio; editor, Maya acet.1 aYogyakarta :bRainbow,c2017 a33 hlm. :bilus. ;c28 cm.-- Seri Panca Indra 4aBACAAN KANAK-KANAK0 aMAYA0 aSMARTKIDS, Studio a17010 A a17010 B a17010 C a17010 D a17010 E